| 000 | 01459cam a2200325 a 4500 | ||
|---|---|---|---|
| 001 | 15529677 | ||
| 005 | 20091026142729.0 | ||
| 008 | 081120s2009 nyua 001 0 eng | ||
| 010 | _a 2008049998 | ||
| 020 | _a0071606165 (alk. paper) | ||
| 020 | _a9780071606165 (alk. paper) | ||
| 035 | _a(OCoLC)ocn244060534 | ||
| 035 | _a(OCoLC)244060534 | ||
| 040 |
_aDLC _cDLC _dBTCTA _dBAKER _dYDXCP _dC#P _dBWX _dCDX _dDLC |
||
| 050 | 0 | 0 |
_aTJ223.P76 _bS37 2009 |
| 082 | 0 | 0 |
_a621.3916 _222 _bSAN |
| 100 | 1 |
_aSandhu, Harprit. _923365 |
|
| 245 | 1 | 0 |
_aMaking PIC Microcontroller Instruments and Controllers / _cHarprit Singh Sandhu. |
| 246 | 1 | 4 | _aMaking PIC Microcontroller Instruments & Controllers |
| 260 |
_aNew York : _bMcGraw Hill, 2009 _cc2009. |
||
| 300 |
_axv, 360 p. : _bill. ; _c24 cm. |
||
| 500 | _aIncludes index. | ||
| 650 | 0 |
_aMicrocontrollers. _923366 |
|
| 650 | 0 |
_aElectronic apparatus and appliances _xAutomatic control. _923367 |
|
| 653 |
_bEle _cApril2011 |
||
| 856 | 4 | 1 |
_3Table of contents only _uhttp://www.loc.gov/catdir/toc/fy0905/2008049998.html |
| 942 |
_2ddc _cBB |
||
| 999 |
_c15186 _d15186 |
||